000 00410nam a22001577a 4500
003 MPLRDC
005 20220104151224.0
008 210129b ||||| |||| 00| 0 eng d
082 _a225.7 MHX
100 _a马哈希法师等著
245 _a唯一的道路
_c
260 _a
_b雪州马来西亚佛学社
_c2002
300 _b
650 _a佛教佈教及信仰生活--修持
942 _cBK
_o225.7 MHX
999 _c52262
_d52252